000 00965cam a2200241 4500
001 ABS68527
008 041213n2004 000 0 eng u
035 _a(Sirsi) u128283
100 _aNorwood, G.
245 2 _aA rural village like no other
260 _c2004
490 _aEstates Gazette
_v(0448) 27 November 2004, 121-122(2)
520 _aReviews the progress of Poundbury, the Prince of Wales' sustainable development project on a 420 acre site on the western edge of Dorchester, from the appointment of masterplanner Leo Krier in 1988 to create the vision to the commencement of construction in 1993 and towards its completion in 2011 as a live/work community of 2 250 dwellings and 65 000m2 of employment space.
590 _aABS
590 _aABS
650 _aPOUNDBURY
650 _aLIVE/WORK CONCEPT
650 _aDESIGN STANDARDS
650 _aMASTERPLANS
650 _aDORCHESTER
690 _aDEVELOPMENT-SUSTAINABLE
942 _n0
999 _c118437
_d118437